Manipulátor s meniteľným dosahom ? 3 dielny tele-skopický výložník čelného nakladača (The handler with variable reach (Three-part telesco-pic boom of the front-mounted loader) [CD-ROM] : Diplomová práca
Guardado en:
| Autor principal: | |
|---|---|
| Otros Autores: | |
| Formato: | Manuscrito Libro |
| Lenguaje: | eslovaco |
| Publicado: |
Bratislava :
STU v Bratislave SjF,
2008
|
| Edición: | 1.vyd. |
| Materias: | |
| Etiquetas: |
Sin Etiquetas, Sea el primero en etiquetar este registro!
|
MARC
| LEADER | 00000ntm a22000003a 4500 | ||
|---|---|---|---|
| 001 | stu178904 | ||
| 005 | 20150617230044.0 | ||
| 008 | 090129s2008----xo------------------slo-d | ||
| 040 | |a STU |b slo | ||
| 041 | 0 | |a slo | |
| 044 | |a xo | ||
| 100 | 1 | |a Martyščák, Jozef, |d 1984- |4 aut |u J0030 |9 100 |U SjF Strojnícka fakulta |T SjF Ústav dopravnej techniky a konštruovania |X 14428 |U J0030 |Y 806 |7 A000014428 | |
| 245 | 1 | |a Manipulátor s meniteľným dosahom ? 3 dielny tele-skopický výložník čelného nakladača (The handler with variable reach (Three-part telesco-pic boom of the front-mounted loader) [CD-ROM] : |b Diplomová práca | |
| 250 | |a 1.vyd. | ||
| 260 | |a Bratislava : |b STU v Bratislave SjF, |c 2008 | ||
| 300 | |a 69 s | ||
| 650 | 7 | |a teleskopický manipulátor |2 stusub | |
| 650 | 7 | |a výložník |2 stusub | |
| 650 | 7 | |a telescopic handler |2 estusub | |
| 650 | 7 | |a boom |2 estusub | |
| 700 | 1 | |a Mazurkievič, Izidor, |d 1943- |4 xxx |u J0030 |U SjF Strojnícka fakulta |T SjF Ústav dopravnej techniky a konštruovania |X 3513 |U J0030 |Y 806 |7 A000003513 | |
| 700 | 1 | |a Nemoga, Karol, |d 1953- |4 csl |u E200 |U FEI Fakulta elektrotechniky a informatiky |T FEI Katedra aplikovanej informatiky a výpočtovej techniky |X 3637 |U E200 |Y 67 |7 A000003637 | |
| 996 | |b 284J035216 |c J*216/DP |l JJSK |s A |a 24 |w stu178904_0001 | ||